000 00631nam a2200241Ia 4500
003 OSt
005 20220916111033.0
006 a|||||r|||| 00| 0
007 ta
008 220915b |||||||| |||| 00| 0 eng d
024 _a124681
037 _cTextbook
040 _beng
_aARTS
_cARTS
041 _aeng
082 _aV673.C994, K4
100 _aPicard Gilbert
245 0 _aCarthage, tr from the French by Miriam and Lionel Kochan
260 _aLondon
_bElek Books UK
300 _a197p.
_ccm.
650 _aHISTORY
942 _hV673.C994, K4
_cTB
_2CC
999 _c104142
_d104142